| 000 | 00472nam a2200169 i 4500 | ||
|---|---|---|---|
| 001 | 85483 | ||
| 003 | ES-MaACL | ||
| 005 | 20230906175242.0 | ||
| 007 | t| | ||
| 008 | 041129q1928 sp ||||1| spa d | ||
| 100 | 1 |
_aJuarros, César. _967171 |
|
| 245 | 1 | 4 |
_aLos horizontes de la psicoanálisis / _cCésar Juarros. |
| 260 |
_aMadrid : _bMundo Latino, _c[1928?] ( _fYagües) |
||
| 300 |
_a200 p. ; _c19 cm. |
||
| 650 | 0 | 4 |
_aPsicoanálisis. _916530 |
| 852 |
_aES-MaACL _jB-2807 |
||
| 999 |
_c85483 _d85483 |
||